00550nam a2200181 a 45000010010000000030011000100080041000210350026000620820015000881000022001032450041001252600053001666500011002199420012002309520091002429980020003339990015003530000-8535ELIB.Books110520 2007  a(ELIB.Books)0000-8680 aB.Th bHse aHser Wah Paw, Naw aThe Understanding of the Early Child bInsein: Karen Baptist Theolgical Seminary c2007 aThesis 2ddccBK 00102ddc4070aKBTSbKBTSd2011-05-20l0p30301r2022-01-22 00:00:00w2022-01-22yBK cbate2011-05-20 c8535d8535